Study of potassium adsorption on soil under rubber plantation (Record no. 52402)

MARC details
000 -LEADER
fixed length control field 00579nam a2200169Ia 4500
100 ## - MAIN ENTRY--AUTHOR NAME
Personal name Eappen T.
245 #0 - TITLE STATEMENT
Title Study of potassium adsorption on soil under rubber plantation
260 ## - PUBLICATION, DISTRIBUTION, ETC. (IMPRINT)
Name of publisher National Seminar on Developments in Soil Science: 62nd Annual Convention, 18-21 October 1997, Indian Society of Soil Science, Calcutta, India, pp. 68.
Year of publication 1997
650 ## - SUBJECT ADDED ENTRY--TOPICAL TERM
Topical Term Potassium adsorption
650 ## - SUBJECT ADDED ENTRY--TOPICAL TERM
Topical Term Rubber growing soil
650 ## - SUBJECT ADDED ENTRY--TOPICAL TERM
Topical Term Tripura
700 ## - ADDED ENTRY--PERSONAL NAME
Personal name Dey S.K.
700 ## - ADDED ENTRY--PERSONAL NAME
Personal name Pal T.K.
700 ## - ADDED ENTRY--PERSONAL NAME
Personal name Pothen J.
942 ## - ADDED ENTRY ELEMENTS (KOHA)
Koha item type Bibliography STAF
Holdings
Withdrawn status Lost status Damaged status Not for loan Home library Current library Date acquired Koha item type
      Bibliography RRII Library RRII Library 09/04/2014 Bibliography STAF